00945 2200241 4500001002100000005001500021035002000036007000300056008004100059100001100100245004700111250001100158300002700169020002200196082001200218084001800230260003500248520034100283600004000624990001300664990001300677990001300690INLIS00000000000807220251222111623 a0010-0322000091ta220302 g 0 ind 0 aSahadi1 aANGGARAN BIAYA PROYEK KONSTRUKSI /cSahadi aCet. 1 a335HLM :bilus ;c26cm a978-623-7110-61-3 a658.404 a658.404 SAH a aYogyakarta :bTeknosain,c2019 aBuku ini menjelaskan cara menghitung RAB proyek konstruksi bangunan gedung secara teliti dan benar. RAB ini berguna sebagai pedoman bagi pemilik, kontraktor, konsultan, dan tim teknis sehingga proyek konstruksi bangunan dapat terwujud sesuai dengan rencana. Penjelasan dalam buku ini disertai dengan contoh-contoh yang riil di lapangan. 4aManajemen proyek Proyek - Manajemen a022.6411 a022.6412 a022.6413